Physiology and biochemistry of seeds in relation to germination / (Record no. 14261)

000 -LEADER
fixed length control field 00549cam a2200205 i 4500
020 ## - INTERNATIONAL STANDARD BOOK NUMBER
ISBN 0387082743 (v. 1)
020 ## - INTERNATIONAL STANDARD BOOK NUMBER
ISBN 0387116567 (v. 2)
040 ## - CATALOGING SOURCE
Transcribing agency DLC
082 00 - DEWEY DECIMAL CLASSIFICATION NUMBER
Classification number 582 SPR 1978 A060 Or.
100 1# - MAIN ENTRY--AUTHOR NAME
Personal name Bewley, J. Derek,
245 10 - TITLE STATEMENT
Title Physiology and biochemistry of seeds in relation to germination /
260 ## - PUBLICATION, DISTRIBUTION, ETC. (IMPRINT)
Place of publication Berlin ;
-- New York :
Name of publisher Springer-Verlag,
Year of publication 1978-1982.
300 ## - PHYSICAL DESCRIPTION
Number of Pages 2 v. :
Other physical details ill. ;
Dimensions 25 cm.
650 #0 - SUBJECT ADDED ENTRY--TOPICAL TERM
Topical Term Seeds
650 #0 - SUBJECT ADDED ENTRY--TOPICAL TERM
Topical Term Germination.
650 #2 - SUBJECT ADDED ENTRY--TOPICAL TERM
Topical Term Seeds
650 #2 - SUBJECT ADDED ENTRY--TOPICAL TERM
Topical Term Seeds
700 1# - ADDED ENTRY--PERSONAL NAME
Personal name Black, Michael,
942 ## - ADDED ENTRY ELEMENTS (KOHA)
Koha item type សៀវភៅភាសាអង់គ្លេស
952 ## - LOCATION AND ITEM INFORMATION (KOHA)
Withdrawn status [LOCAL, KOHA] 0
Holdings
Permanent Location Date acquired Koha item type Lost status Shelving location Barcode Current Location Full call number
Library Block A2017-10-11សៀវភៅភាសាអង់គ្លេស A060A18473Library Block A582 SPR 1978 A060 Or.
មជ្ឈមណ្ឌលឯការនៃសាកលវិទ្យាល័យភូមិន្ទកសិកម្មចំការដូង

Powered by Koha